000 01103nam a2200217Ia 4500
999 _c56395
_d56395
001 23508
003 GE_BSU
005 20260217121155.0
008 181216s1956||||ge |||||||||||||| ||geo||
040 _cGE_BSU
080 _a94(479.222.4):332"1841 ს-56
100 _aსიხარულიძე, ი.
_926903
245 _aგლეხთა აჯანყება გურიაში 1841 წელს /
_cი. სიხარულიძე ; რედ. ალ. ბენდიანიშვილი ; საქ. სსრ მეცნ. აკად., ივ. ჯავახიშვილის სახ. ისტ. ინ-ტი.
264 _aბათუმი :
_bაჭარის ასსრ სახელგამი,
_c1956.
300 _a84 გვ. ;
_c22 სმ.
504 _aბიბლიოგრ. შენიშვნებში
541 _h2 ლ.
653 _aგლეხთა აჯანყება გურიაში, 1841 წ.
700 _aბენდიანიშვილი, ალ.
_eრედაქტორი
_926196
942 _cBK
_2udc